STUDENTS & SOLUTIONS / (Record no. 616671)

000 -LEADER
fixed length control field 00233nam a22000977a 4500
040 ## - CATALOGING SOURCE
Transcribing agency FIZZA ISHAQ
082 ## - DEWEY DECIMAL CLASSIFICATION NUMBER
Classification number 276.12
Author Mark MOH
100 ## - MAIN ENTRY--PERSONAL NAME
Personal name THIOLA,F.MOHIO.
9 (RLIN) 133708
245 ## - TITLE STATEMENT
Title STUDENTS & SOLUTIONS /
Statement of responsibility, etc. MOHIO F.THIOLA.
942 ## - ADDED ENTRY ELEMENTS (KOHA)
Source of classification or shelving scheme
Koha item type Book

No items available.

© 2023 Central Library, National University of Sciences and Technology. All Rights Reserved.